ბათუმის შოთა რუსთაველის სახელმწიფო უნივერსიტეტის ბიბლიოთეკა

Физология фотосинтеза. (ბიბ.ჩანაწერი № 35497)

000 -LEADER
fixed length control field 00566nam a2200205Ia 4500
001 - CONTROL NUMBER
control field 1357
003 - CONTROL NUMBER IDENTIFIER
control field GE_BSU
008 - FIXED-LENGTH DATA ELEMENTS--GENERAL INFORMATION
fixed length control field 181216s||||||||xx |||||||||||||| ||und||
040 ## - CATALOGING SOURCE
Transcribing agency GE_BSU
080 ## - UNIVERSAL DECIMAL CLASSIFICATION NUMBER
Universal Decimal Classification number 581.13:631.1655
245 ## - TITLE STATEMENT
Title Физология фотосинтеза.
245 ## - TITLE STATEMENT
Remainder of title Ин-т физиологии растений им. К.А.Тимирязева.
260 ## - PUBLICATION, DISTRIBUTION, ETC.
Place of publication, distribution, etc. Москва
260 ## - PUBLICATION, DISTRIBUTION, ETC.
Name of publisher, distributor, etc. Наука
260 ## - PUBLICATION, DISTRIBUTION, ETC.
Date of publication, distribution, etc. 1982
300 ## - PHYSICAL DESCRIPTION
Extent 318 с. 21 см.
653 ## - INDEX TERM--UNCONTROLLED
Uncontrolled term Физология фотосинтеза.
942 ## - ADDED ENTRY ELEMENTS (KOHA)
Koha item type წიგნი
ეგზემპლარები
Withdrawn status Lost status Damaged status Not for loan Date acquired Barcode Date last seen Price effective from Koha item type
        2018-12-17 2888 2018-12-17 2018-12-17 წიგნი